La ciudad, escenario de comunicación. Parte 1: Gobierno de la ciudad y comunicación /

Bewaard in:
Bibliografische gegevens
Hoofdauteur: Carrión M, Fernando
Andere auteurs: Wollrad, Dörte
Formaat: Onbekend
Gepubliceerd in: Quito: Fundación Friedrich Ebert. Proyecto Latinoamericano de Medios de Comunicación. FLACSO. Sede Ecuador
Tags: Voeg label toe
Geen labels, Wees de eerste die dit record labelt!

MARC

LEADER 00000 a2200000 04500
001 18373
003
008 991231s d
040
090 |a 142901  
100 |a Carrión M, Fernando  
245 |a La ciudad, escenario de comunicación. Parte 1: Gobierno de la ciudad y comunicación /  |c Fernando Carrión M. 
260 |a Quito:   |b Fundación Friedrich Ebert. Proyecto Latinoamericano de Medios de Comunicación. FLACSO. Sede Ecuador  
300 |a 241 p.  
700 |a   
700 |a Wollrad, Dörte  
700 |a   
999 |c 11732  |d 11732